[Event "UKR-ch"]
[Site "Simferopol"]
[Date "1990.??.??"]
[Round "?"]
[White "Kushch, Nikolai"]
[Black "Brodsky, Michail"]
[Result "0-1"]
[WhiteElo "2300"]
[BlackElo "2290"]

1.Nf3 Nf6 2.c4 c5 3.g3 b6 4.Bg2 Bb7 5.O-O e6 6.b3 Be7 7.Bb2 d6 8.Nc3 Nbd7
9.Re1 O-O 10.e4 Ne5 11.d4 Nxf3+ 12.Bxf3 Nd7 13.d5 e5 14.Qd3 g6 15.Bg4 Nf6
16.Be2 Re8 17.f4 Bf8 18.Bf3 Nd7 19.Re2 a6 20.a4 exf4 21.gxf4 Qh4 22.e5 dxe5
23.fxe5 Nxe5 24.Rxe5 Rxe5 25.Ne4 Rxe4 26.Qxe4 Qxe4 27.Bxe4 Bd6 28.a5 b5 29.cxb5 axb5
30.Bf6 Ra6 31.Bd8 Kg7 32.Bb6 Ra8 33.Bg2 Ba6 34.Rc1 c4 35.bxc4 bxc4 36.Bf1 Rc8
37.Bd4+ Kf8 38.Rb1 Rb8 39.Bb6 Ke8 40.Re1+ Kd7 41.h4 Rc8 42.Rb1 Bb7 43.Bf2 Bxd5
44.a6 Bc5 45.Rd1 Kc6 46.a7 Bxf2+ 47.Kxf2 c3 48.Bd3 Kb6 49.Bc2 Be6 50.Ra1 Ra8
51.Ra3 Rxa7 52.Rxc3 Rc7 53.Rxc7 Kxc7 54.Ke3 Kd6 55.Kf4 h6 56.Bd3 Kd7  0-1

[Event "Hungaroil"]
[Site "Siofok"]
[Date "1990.??.??"]
[Round "4"]
[White "Petrosian, Arshak B"]
[Black "Csom, Istvan"]
[Result "1/2-1/2"]
[WhiteElo "2500"]
[BlackElo "2485"]

1.Nf3 Nf6 2.c4 b6 3.g3 c5 4.Bg2 Bb7 5.O-O e6 6.Nc3 Be7 7.Re1 d6 8.e4 a6 9.d4 cxd4
10.Nxd4 Qc7 11.b3 Nc6 12.Bb2 O-O 13.Rc1 Nxd4 14.Qxd4 Rab8 15.h3 Rfe8 16.Nd1 Bc6
17.Ne3 Qb7 18.e5 dxe5 19.Qxe5 Bxg2 20.Nxg2 Red8 21.Ne3 Rd7 22.Rcd1 Rbd8 23.Rxd7 Rxd7
24.Rd1 Rxd1+  1/2-1/2

[Event "BUL-FRA m"]
[Site "Sofia"]
[Date "1990.??.??"]
[Round "1"]
[White "Kirov, Nino"]
[Black "Prie, Eric"]
[Result "1/2-1/2"]
[WhiteElo "2445"]
[BlackElo "2435"]

1.Nf3 Nf6 2.g3 b6 3.Bg2 Bb7 4.O-O e6 5.c4 c5 6.b3 d6 7.Nc3 a6 8.d4 cxd4 9.Qxd4 Nbd7
10.Rd1 Be7 11.e4 Qc8 12.Bb2 O-O 13.Rd2 Qc6 14.Re1 Rfe8 15.Rde2 Bf8 16.Qd1 Rad8
17.Nd4  1/2-1/2

[Event "BUL-FRA m"]
[Site "Sofia"]
[Date "1990.??.??"]
[Round "11"]
[White "Radulov, Ivan"]
[Black "Prie, Eric"]
[Result "1/2-1/2"]
[WhiteElo "2425"]
[BlackElo "2435"]

1.Nf3 c5 2.g3 b6 3.Bg2 Bb7 4.O-O Nf6 5.c4 e6 6.Nc3 d6 7.b3 a6 8.d4 cxd4 9.Nxd4 Bxg2
10.Kxg2 Qc8 11.Bb2  1/2-1/2

[Event "Toulouse op"]
[Site "Toulouse"]
[Date "1990.??.??"]
[Round "7"]
[White "Cvitan, Ognjen"]
[Black "Arkell, Keith C"]
[Result "1/2-1/2"]
[WhiteElo "2525"]
[BlackElo "2460"]

1.Nf3 Nf6 2.c4 c5 3.g3 b6 4.Bg2 Bb7 5.O-O e6 6.Nc3 Be7 7.Re1 O-O 8.e4 d6
9.d4 cxd4 10.Nxd4 Qc8 11.b3 Nbd7 12.Bb2 a6 13.Rc1 g6 14.Qd2 Re8 15.h3 Qc7
16.Kh2 Bf8 17.Nc2 Rad8 18.Ne3 Qb8 19.Ng4 Nxg4+ 20.hxg4 Bg7 21.g5 Qa8 22.f4 b5
23.cxb5 axb5 24.Nxb5 Qxa2 25.Rc2 Rc8 26.Nc7 Rxc7 27.Rxc7 Nc5 28.b4 Nxe4 29.Bxe4 Bxe4
30.Rxe4 Qxb2 31.Qxb2 Bxb2 32.Rd7 Rb8 33.Rxd6 Bc3 34.b5 Rxb5 35.Rd8+ Kg7 36.Rd7 Kg8
37.Rc4 Bb2 38.Rc8+ Kg7 39.Re8 Rf5 40.Rxe6 h6 41.Re2 Bc3 42.Re3 Ba5 43.gxh6+ Kxh6
44.Kg2 Rf6 45.Kf3 Bb4 46.Re4 Ba3 47.Ra4 Bc5 48.Ra5 Bb6 49.Re5 Kg7 50.g4 Rc6
51.Ree7 Rf6 52.g5 Rf5 53.Re5 Rxe5 54.fxe5 Kf8 55.Ke4 Bc5 56.Rd3 Be7 57.Rg3 Ke8
58.Kd5 Kd7 59.Rg2 Bd8 60.Rg1 Ke8 61.e6 Ke7 62.exf7 Kxf7 63.Kd6 Bb6 64.Rg4 Be3
65.Ke5 Bd2 66.Rg3 Kg7 67.Ke6 Bc1 68.Rg2 Be3 69.Ke5 Bc1 70.Ke4  1/2-1/2

[Event "Tuzla"]
[Site "Tuzla"]
[Date "1990.??.??"]
[Round "4"]
[White "Lisenko, Alexander V"]
[Black "Vasiljevic, Bozidar"]
[Result "1/2-1/2"]
[WhiteElo "2360"]
[BlackElo "2260"]

1.c4 Nf6 2.Nf3 e6 3.g3 b6 4.Bg2 Bb7 5.O-O c5 6.Nc3 Be7 7.d4 cxd4 8.Qxd4 d6
9.Rd1 O-O 10.e4 Nc6 11.Qe3 Qc7 12.b3 Rac8 13.Bb2 Rfd8 14.Rac1 Qb8 15.h3 Ba8
16.Rd2 a6 17.Qe2 Na7 18.Nd4 Nc6 19.Rcd1 Nxd4 20.Rxd4 Nd7 21.Kh2 Nc5 22.b4 Nd7
23.f4 Qc7 24.Bf1 Nf6 25.b5 a5 26.Ba3 Ne8 27.Na4 Bf6 28.R4d2 Qb7 29.Bxd6 Rxd6
30.Rxd6 Nxd6 31.Rxd6 Be7 32.Rd4 g6 33.Bg2 Qc7 34.Qd3 Rd8 35.Rxd8+ Bxd8 36.Qd4 h5
37.h4 Bb7 38.Bf3 e5 39.fxe5 Bc8 40.Qd6 Be6 41.Be2 Qc8 42.c5 Bc7 43.Qd4 bxc5
44.Qxc5 Qd8 45.Bc4 Bxc4 46.Qxc4 Bxe5 47.Qd3 Qc7 48.Kg2 Kh7 49.Qb3 f6 50.b6 Qc1
51.Qf7+ Kh6  1/2-1/2

[Event "Acasusso op"]
[Site "Acasusso"]
[Date "1991.??.??"]
[Round "8"]
[White "Panno, Oscar"]
[Black "Giardelli, Sergio C"]
[Result "1/2-1/2"]
[WhiteElo "2440"]
[BlackElo "2435"]

1.Nf3 c5 2.c4 Nf6 3.g3 b6 4.Bg2 Bb7 5.O-O e6 6.b3 Be7 7.Bb2 O-O 8.e3 d5 9.Qe2 Nc6
10.Rd1 Qc7 11.Nc3 dxc4 12.bxc4  1/2-1/2

[Event "Anapa"]
[Site "Anapa"]
[Date "1991.??.??"]
[Round "?"]
[White "Poluljahov, Aleksandr"]
[Black "Beshukov, Sergei"]
[Result "0-1"]
[WhiteElo "2380"]
[BlackElo "2310"]

1.Nf3 Nf6 2.c4 c5 3.g3 b6 4.Bg2 Bb7 5.O-O e6 6.Nc3 a6 7.Re1 d6 8.e4 Nbd7
9.d4 cxd4 10.Nxd4 Qc7 11.Nd5 exd5 12.exd5+ Kd8 13.Nc6+ Bxc6 14.dxc6 Nc5 15.b4 Ne6
16.c5 bxc5 17.bxc5 Kc8 18.Rb1 Rb8 19.Rb7 Rxb7 20.cxb7+ Kb8 21.c6 d5 22.Rxe6 fxe6
23.Qa4 Nd7 24.Bf4 e5 25.cxd7 Bc5 26.Bg5 Ba7 27.Bxd5 Qc5 28.Be3 Qxd5 29.Qxa6 Qxb7
30.Qd6+ Qc7 31.Bxa7+ Kb7 32.Qxc7+ Kxc7 33.Bc5 Ra8 34.a3 Kxd7 35.Kg2 Kc6 36.Bb4 Kd5
37.Kf3 Kd4 38.Kg2 e4 39.Bd2 Rxa3 40.Bf4 Rf3 41.Bc7 Kd3 42.Bb6 Ke2 43.h4 g6
44.Bc5 h6 45.Bb6 g5 46.hxg5 hxg5 47.g4 Rf4 48.Kg3 Kf1  0-1

[Event "Athens"]
[Site "Athens"]
[Date "1991.??.??"]
[Round "4"]
[White "Simic, Radoslav"]
[Black "Andrianov, Nikolai"]
[Result "1/2-1/2"]
[WhiteElo "2485"]
[BlackElo "2445"]

1.c4 Nf6 2.Nf3 c5 3.g3 b6 4.Bg2 Bb7 5.O-O e6 6.Nc3 Be7 7.d4 cxd4 8.Qxd4 d6
9.Rd1 a6 10.b3 Nbd7 11.e4 Qb8 12.Ba3 Nc5 13.e5 dxe5 14.Qxe5 Ncd7 15.Qxb8+ Rxb8
16.Bxe7 Kxe7 17.Nd4 Rhc8 18.Re1  1/2-1/2

[Event "AUT-chT"]
[Site "?"]
[Date "1991.??.??"]
[Round "?"]
[White "Vukic, Milan"]
[Black "Duer, Arne"]
[Result "1-0"]
[WhiteElo "2500"]
[BlackElo "2390"]

1.Nf3 c5 2.c4 Nf6 3.g3 b6 4.Bg2 Bb7 5.O-O e6 6.Nc3 Be7 7.b3 O-O 8.Bb2 d6
9.d4 cxd4 10.Nxd4 Bxg2 11.Kxg2 Qc7 12.e3 a6 13.f4 Nbd7 14.Qf3 Rfe8 15.g4 Nc5
16.g5 Nfd7 17.Rad1 Bf8 18.h4 Qb7 19.Rd2 Rac8 20.Rfd1 Qb8 21.h5 b5 22.cxb5 axb5
23.Ndxb5 d5 24.Qe2 e5 25.fxe5 Rxe5 26.Rxd5 Rce8 27.e4 Nb6 28.Rxe5 Qxe5 29.Bc1 Ne6
30.Qg4 Bb4 31.Nd5 Nxd5 32.exd5 Nf8 33.Qf3 Nd7 34.a3 Bc5 35.b4 Bb6 36.Bf4 Qb2+
37.Rd2 Qb1 38.Re2 Rc8 39.Nd6 Ra8 40.Re8+ Rxe8 41.Nxe8 Qc2+ 42.Kg3 Bg1 43.Kh3 Bd4
44.Nd6 Be5 45.Bg3 Bxd6 46.Bxd6 Qc8 47.Kg3 Nb6 48.Bf4 Qf5 49.Be3 Qxd5 50.Bxb6 Qxg5+
51.Kh3 h6 52.Bc5 Qe5 53.a4 Qe6+ 54.Kh4 Qe1+ 55.Kg4 Qe6+ 56.Kf4 Qf6+ 57.Kg3 Qe5+
58.Kg2 f5 59.a5 Qe6 60.Kg3 Kh7 61.Qd3 Kg8 62.a6 Qe1+ 63.Kg2  1-0

[Event "Cansys GM-Nov"]
[Site "Budapest"]
[Date "1991.??.??"]
[Round "3"]
[White "Kochyev, Alexander"]
[Black "Schneider, Attila"]
[Result "1/2-1/2"]
[WhiteElo "2500"]
[BlackElo "2385"]

1.Nf3 c5 2.c4 b6 3.g3 Nf6 4.Bg2 Bb7 5.O-O e6 6.Nc3 a6 7.d4 cxd4 8.Qxd4 d6
9.Rd1 Be7 10.b3 Nbd7 11.e4 Qc8 12.Bb2 O-O 13.Rac1 Re8 14.Qe3  1/2-1/2

[Event "Cansys IM-A"]
[Site "Budapest"]
[Date "1991.??.??"]
[Round "4"]
[White "Arsovic, Goran"]
[Black "Budnikov, Alexandar"]
[Result "0-1"]
[WhiteElo "2340"]
[BlackElo "2440"]

1.Nf3 Nf6 2.c4 b6 3.g3 Bb7 4.Bg2 c5 5.O-O e6 6.Nc3 d6 7.Re1 Be7 8.e4 Nbd7
9.d4 cxd4 10.Nxd4 Qc7 11.Be3 Rc8 12.Rc1 Qb8 13.Qe2 Qa8 14.f3 O-O 15.b3 Rfe8
16.Bf2 Bf8 17.Qb2 a6 18.Qb1 Qb8 19.h3 d5 20.cxd5 exd5 21.Nxd5 Nxd5 22.Rxc8 Qxc8
23.exd5 Bxd5 24.Rxe8 Qxe8 25.f4 Bxg2 26.Kxg2 b5 27.Qd3 Nc5 28.Qf5 Qa8+ 29.Kh2 g6
30.Qc2 Qd5 31.Ne2 Nd3 32.Nc3 Qf3 33.Bd4 Nxf4 34.Qe4 Qxe4 35.Nxe4 Nd5 36.Nf6+ Nxf6
37.Bxf6 Bg7 38.Be7 f5 39.Kg2 Kf7 40.Bb4 Ke6 41.Kf3 Kd5 42.Ke3 Bd4+ 43.Kf3 Be5
44.g4 Kd4 45.gxf5 gxf5 46.a4 bxa4 47.bxa4 Kc4 48.Bd2 Kb3 49.a5 Ka4 50.h4 Bc7
51.h5 Bxa5 52.Bxa5  0-1

[Event "Cansys IM-A"]
[Site "Budapest"]
[Date "1991.??.??"]
[Round "5"]
[White "Arsovic, Zoran"]
[Black "Bezold, Michael"]
[Result "0-1"]
[WhiteElo "2330"]
[BlackElo "2330"]

1.Nf3 Nf6 2.c4 c5 3.g3 b6 4.Bg2 Bb7 5.O-O e6 6.Nc3 Be7 7.Re1 d6 8.e4 Nbd7
9.d4 cxd4 10.Nxd4 Qc7 11.Ndb5 Qb8 12.f4 a6 13.Nd4 O-O 14.g4 Rc8 15.g5 Ne8
16.Qg4 Nf8 17.f5 Rxc4 18.Be3 e5 19.Nc2 b5 20.Bf1 Rc8 21.Nb4 Nc7 22.Rad1 a5
23.Nbd5 Nxd5 24.Nxd5 Bxd5 25.Rxd5 b4 26.Rb5 Qc7 27.b3 Qd7 28.Bc4 Bd8 29.Qd1 Rab8
30.Qd5 Bc7 31.Rf1 Rxb5 32.Bxb5 Qe7 33.Bc4 Nd7 34.Qb7 Qd8 35.g6 Rb8 36.Qd5 Bb6
37.Qxf7+ Kh8 38.Bxb6 Qxb6+ 39.Kg2 Nf6 40.Rf3 Qd4 41.Bd3 h6 42.Rh3 Qb2+ 43.Kf3 Qd2
44.Qc4 d5 45.exd5 e4+ 46.Bxe4 Re8 47.Rh4 Qe1 48.Rf4 Qh1+ 49.Ke3 Qxh2 50.Kf3 Nh5  0-1

[Event "Cansys IM-Nov"]
[Site "Budapest"]
[Date "1991.??.??"]
[Round "6"]
[White "Orso, Miklos"]
[Black "Gocheva, Rumiana B"]
[Result "1/2-1/2"]
[WhiteElo "2400"]
[BlackElo "2220"]

1.Nf3 Nf6 2.c4 e6 3.g3 b6 4.Bg2 Bb7 5.O-O c5 6.b3 d6 7.Bb2 Nbd7 8.d4 cxd4
9.Qxd4 Be7 10.Nc3 a6 11.Rad1 O-O 12.Ng5  1/2-1/2

[Event "Schneider mem op"]
[Site "Budapest"]
[Date "1991.??.??"]
[Round "7"]
[White "Magyar, Otto"]
[Black "Schneider, Attila"]
[Result "0-1"]
[WhiteElo "2240"]
[BlackElo "2385"]

1.Nf3 Nf6 2.c4 c5 3.g3 b6 4.Bg2 Bb7 5.O-O e6 6.Nc3 a6 7.d4 cxd4 8.Qxd4 d6
9.Rd1 Nbd7 10.b3 Be7 11.e4 Qc8 12.Bb2 O-O 13.Rac1 Ra7 14.Re1 Qa8 15.Nd2 Rd8
16.Nf1 Bf8 17.Rcd1 h6 18.Kh1 Bc6 19.f3 b5 20.Ne3 b4 21.Ncd5 exd5 22.exd5 Bb7
23.Bh3 Ne5 24.Kg2 Bc8 25.Nf5 Bxf5 26.Bxf5 Re7 27.f4 Ned7 28.Rxe7 Bxe7 29.g4 Ne8
30.g5 hxg5 31.Qe3 Bf6 32.Bxf6 gxf4 33.Qxf4 Ndxf6 34.Rd3 Qa7 35.Rh3 Qe7 36.Re3 Qf8
37.Rh3 g6 38.Bc2 Qg7 39.Rf3 a5 40.Qe3 Rd7  0-1

[Event "Spring op"]
[Site "Budapest"]
[Date "1991.??.??"]
[Round "7"]
[White "Korsunsky, Yuri"]
[Black "Stepanov, Pavel"]
[Result "1-0"]
[WhiteElo "2465"]
[BlackElo "2345"]

1.Nf3 Nf6 2.g3 b6 3.Bg2 Bb7 4.O-O c5 5.c4 e6 6.b3 Be7 7.Bb2 O-O 8.Nc3 a6
9.d4 cxd4 10.Qxd4 d6 11.Rad1 Nbd7 12.Ng5 Bxg2 13.Kxg2 Qc7 14.Nge4 Rfd8 15.Nxf6+ Nxf6
16.e4 Qc5 17.f3 Rac8 18.Na4 Qxd4 19.Bxd4 b5 20.Nb6 Rb8 21.cxb5 axb5 22.a4 bxa4
23.bxa4 Nd7 24.a5 Nc5 25.Rb1 Na6 26.Rfc1 f6 27.Rc6 Kf7 28.Rbc1 Ke8 29.Nc8 Nc5
30.Nxe7 Nb3 31.Ba7 Nxc1 32.Bxb8 Rxb8 33.Rxc1 Kxe7 34.Rc7+ Kd8 35.Rxg7 Rb2+
36.Kh3 Ra2 37.Rf7 Rxa5 38.Rxf6 Rh5+ 39.Kg4 Rxh2 40.Rxe6 Kd7 41.Rf6 h5+ 42.Kf4 h4
43.g4 Ke7 44.Rh6 Rh3 45.Rh8 Kf7 46.Rh7+ Kf6 47.Ra7 Ke6 48.Rb7 Rh2 49.Rh7 Rh1
50.Kg5 h3 51.Kf4  1-0

[Event "Cansys GM-Nov"]
[Site "Budapest"]
[Date "1991.??.??"]
[Round "9"]
[White "Vigh, Bela"]
[Black "Schneider, Attila"]
[Result "1/2-1/2"]
[WhiteElo "2340"]
[BlackElo "2385"]

1.Nf3 c5 2.g3 b6 3.Bg2 Bb7 4.O-O Nf6 5.c4 e6 6.Nc3 a6 7.d4 cxd4 8.Nxd4 Bxg2
9.Kxg2 Qc7 10.Qd3 Nc6 11.b3  1/2-1/2

[Event "Buenos Aires Najdorf"]
[Site "Buenos Aires"]
[Date "1991.??.??"]
[Round "10"]
[White "Tal, Mihail"]
[Black "Adams, Michael"]
[Result "1/2-1/2"]
[WhiteElo "2565"]
[BlackElo "2600"]

1.Nf3 Nf6 2.c4 b6 3.g3 c5 4.Bg2 Bb7 5.O-O e6 6.b3 Be7 7.Bb2 O-O 8.e3 d5 9.Qe2 Nbd7
10.Nc3 Ne4 11.cxd5 Nxc3 12.dxc3 Bxd5 13.c4 Bc6 14.Rfd1  1/2-1/2

[Event "JUG-chT Cetinje"]
[Site "Cetinje"]
[Date "1991.??.??"]
[Round "1"]
[White "Paunovic, Dragan"]
[Black "Raicevic, Ivica"]
[Result "1/2-1/2"]
[WhiteElo "2455"]
[BlackElo "2350"]

1.Nf3 Nf6 2.c4 c5 3.g3 b6 4.Bg2 Bb7 5.O-O e6 6.Nc3 d6 7.Re1 Be7 8.e4 e5 9.d3 O-O
10.Nh4 Nc6 11.f4 Nd4 12.Nf3 Nd7 13.f5 a6 14.a4 Bc6 15.h4 b5 16.b3 Rb8 17.axb5 axb5
18.Bd2 b4 19.Ne2 Ra8 20.Nexd4 exd4 21.Qc2 Ne5  1/2-1/2

[Event "Politicen Cup"]
[Site "Copenhagen"]
[Date "1991.??.??"]
[Round "?"]
[White "Andreasen, Per"]
[Black "Suba, Mihai"]
[Result "0-1"]
[WhiteElo "2275"]
[BlackElo "2540"]

1.c4 Nf6 2.Nf3 c5 3.g3 b6 4.Bg2 Bb7 5.O-O e6 6.b3 a6 7.Bb2 Be7 8.Nc3 O-O
9.d4 cxd4 10.Nxd4 Qc7 11.e3 Rc8 12.Rc1 d6 13.f4 Nbd7 14.f5 Bxg2 15.Kxg2 e5
16.Nc2 b5 17.Nd5 Nxd5 18.cxd5 Qc5 19.Qd2 a5 20.b4 Qc4 21.bxa5 Bd8 22.a6 Nc5
23.Kg1 Qxa2 24.Nb4 Qa4 25.Rxc5 Rxc5 26.f6 Rc4 27.Bc3 Qb3 28.fxg7 Rxc3 29.Qf2 Ra7
30.Nc6 Bb6 31.Qf5 Bxe3+  0-1

[Event "CZE-ch"]
[Site "CSR"]
[Date "1991.??.??"]
[Round "8"]
[White "Hausner, Ivan"]
[Black "Gregor, Jiri"]
[Result "1/2-1/2"]
[WhiteElo "2440"]
[BlackElo "2205"]

1.Nf3 c5 2.c4 b6 3.g3 Bb7 4.Bg2 Nf6 5.O-O e6 6.Nc3 a6 7.Re1 d6 8.b3 Nbd7
9.e4 Qc7 10.Bb2 Be7 11.d4 cxd4 12.Nxd4 O-O 13.Qe2 Rfe8 14.Rad1 Rac8 15.f4 Nf8
16.h3 Ng6 17.f5 Nf8 18.fxe6 fxe6 19.Kh2 N6d7 20.h4 Bf6 21.Nf3 b5  1/2-1/2

[Event "CZE-ch"]
[Site "CSR"]
[Date "1991.??.??"]
[Round "11"]
[White "Stulik, Vlastimil"]
[Black "Gregor, Jiri"]
[Result "1/2-1/2"]
[WhiteElo "2200"]
[BlackElo "2205"]

1.Nf3 c5 2.c4 b6 3.g3 Bb7 4.Bg2 Nf6 5.O-O e6 6.Nc3 a6 7.d4 cxd4 8.Nxd4 Bxg2
9.Kxg2 Qc8 10.Qd3 Qb7+ 11.f3 d6 12.b3 Nbd7 13.e4 Be7 14.Bb2 O-O 15.Qe2 Rfe8
16.Rad1 Rac8  1/2-1/2

[Event "Telecom op"]
[Site "Dublin"]
[Date "1991.??.??"]
[Round "?"]
[White "Szekely, Peter"]
[Black "Cullip, Stephen"]
[Result "1-0"]
[WhiteElo "2430"]
[BlackElo "2320"]

1.Nf3 Nf6 2.c4 c5 3.g3 b6 4.Bg2 Bb7 5.O-O e6 6.Nc3 Be7 7.d4 cxd4 8.Qxd4 O-O
9.Rd1 d6 10.b3 Nbd7 11.e4 a6 12.Ba3 Nc5 13.e5 dxe5 14.Qxd8 Rfxd8 15.Nxe5 Bxg2
16.Kxg2 Rac8 17.Na4 Nxa4 18.Bxe7 Rxd1 19.Rxd1 Nc3 20.Rd6 Nxa2 21.Rxb6 Ne4
22.Rxa6 Nc1 23.b4 f6 24.Nc6 Kf7 25.b5  1-0

[Event "FIN-chT"]
[Site "FIN"]
[Date "1991.??.??"]
[Round "?"]
[White "Kekki, Jorma"]
[Black "Raaste, Eero J"]
[Result "1/2-1/2"]
[WhiteElo "2295"]
[BlackElo "2370"]

1.Nf3 c5 2.g3 b6 3.Bg2 Bb7 4.O-O Nf6 5.c4 e6 6.Nc3 Be7 7.b3 O-O 8.Bb2 a6
9.d4 cxd4 10.Nxd4 Bxg2 11.Kxg2 Qc7 12.e3 Rc8 13.f4 Nc6 14.Qf3 Rab8 15.Rad1 b5
16.Nxc6 Qxc6 17.Qxc6 Rxc6 18.cxb5 axb5 19.Kf3 d5 20.Rc1 Kf8 21.g4 b4 22.Na4 Rbc8
23.Rxc6 Rxc6 24.Rc1 Rxc1 25.Bxc1 Ne4 26.Ke2 Ke8 27.Bd2 Kd7 28.Nb2 Kc6 29.Nd3 Kb5
30.Nf2 Nxf2 31.Kxf2 f5 32.gxf5 exf5 33.Bc1 g6  1/2-1/2

[Event "ISL-ch"]
[Site "Gardabaer"]
[Date "1991.??.??"]
[Round "3"]
[White "Sigfusson, Sigurdur"]
[Black "Hjartarson, Johann"]
[Result "0-1"]
[WhiteElo "2270"]
[BlackElo "2535"]

1.Nf3 Nf6 2.g3 b6 3.Bg2 Bb7 4.O-O c5 5.c4 e6 6.Nc3 d6 7.d4 cxd4 8.Nxd4 Bxg2
9.Kxg2 a6 10.e4 Be7 11.Qe2 O-O 12.Be3 Qc8 13.Rac1 Ra7 14.f3 Rc7 15.Na4 Nfd7
16.Nb3 Qb7 17.Qf2 Nc5 18.Nbxc5 bxc5 19.e5 Nd7 20.exd6 Bxd6 21.Rfd1 Qc6 22.b3 f5
23.Qe2 f4 24.Bxf4 Bxf4 25.gxf4 Rxf4 26.Rc3 Nf8 27.Qe5 Ng6 28.Rd8+ Kf7 29.Qd6 Nh4+
30.Kh3 Qxd6 31.Rxd6 g5 32.Rxa6 Nxf3 33.Re3 Nd4 34.Re5 Kf6 35.Rxc5 Rf7 36.Rd5 Nf5
37.Nc5 g4+ 38.Kg2 Ne3+  0-1

[Event "Arnold Cup"]
[Site "Gausdal"]
[Date "1991.??.??"]
[Round "8"]
[White "Kengis, Edvins"]
[Black "Hansen, Lars Bo"]
[Result "1-0"]
[WhiteElo "2545"]
[BlackElo "2525"]

1.Nf3 c5 2.g3 b6 3.Bg2 Bb7 4.c4 Nf6 5.O-O e6 6.Nc3 Be7 7.d4 cxd4 8.Qxd4 d6
9.b3 Nc6 10.Qd2 O-O 11.Rd1 Rc8 12.Bb2 Rc7 13.Rac1 Rd7 14.Qf4 Qa8 15.Bh3 h6
16.Nd5 Nxd5 17.cxd5 Ne5 18.dxe6 Nxf3+ 19.exf3 Bg5 20.Qd4 Bf6 21.Qxf6 gxf6
22.exd7 Bc6 23.Rxd6 Bxd7 24.Bxd7 Qxf3 25.Re1 Qh5 26.Rxf6 Qa5 27.Re4 h5 28.Re5 Qd2
29.h4 Qd1+ 30.Kh2 Qxd7 31.Rg5+ Kh7 32.Rxh5+ Kg8 33.Rh8+  1-0

[Event "BL2-S9091"]
[Site "Germany"]
[Date "1991.??.??"]
[Round "?"]
[White "Egger, Thomas"]
[Black "Oesterle, Peter"]
[Result "0-1"]
[WhiteElo "2275"]
[BlackElo "2360"]

1.Nf3 c5 2.g3 b6 3.Bg2 Bb7 4.O-O Nf6 5.c4 e6 6.Nc3 a6 7.Re1 d6 8.e4 Nbd7
9.Nh4 g6 10.f4 Qc7 11.d3 Bg7 12.Rb1 Rd8 13.g4 O-O 14.f5 Ne8 15.Bf4 Bd4+ 16.Be3 Ne5
17.h3 Nf6 18.Bxd4 cxd4 19.Ne2 d5 20.cxd5 exd5 21.Rc1 Qd6 22.fxg6 hxg6 23.Ng3 Nexg4
24.e5 Nxe5 25.Nhf5 gxf5 26.Nxf5 Qe6 27.Nxd4 Qe8 28.Qd2 Nh7 29.Qh6 f6 30.Nf5 Rd7
31.Re3 Qg6 32.Rxe5 Qxh6 33.Nxh6+ Kg7 34.Nf5+ Kf7 35.Re2 Ng5 36.Rec2 Ne6 37.Rf1 Nc5
38.d4 Ne4 39.Rfc1 Kg6 40.Ne3 Rff7 41.Bf3 f5 42.Ng2 Rh7 43.h4 Kf6 44.h5 Kg5
45.Rf1 Ng3 46.Re1 Rhe7 47.Kf2 Rxe1 48.Nxe1 Nxh5 49.Bxh5 Kxh5 50.Kf3 Kg5 51.Nd3 Rh7
52.Nf4 Kf6 53.Rg2 Ke7 54.Rg6 b5 55.Rb6 Kd8 56.Ne6+ Ke8 57.Nc5 Bc8 58.Rb8 Kd8
59.Ne6+ Ke7 60.Nf4 Kd7 61.Nxd5 Rh2 62.a4 Rxb2 63.axb5 Rxb5 64.Nb6+ Kc7 65.Rxc8+ Kxb6
66.Ke3 a5 67.Kd3 a4 68.Kc4 Ra5 69.Rb8+ Kc7 70.Rb2 a3 71.Ra2 Kd6 72.Kb4 Ra8
73.Kc4 f4 74.d5 Ra7  0-1

[Event "BL2-SW9091"]
[Site "Germany"]
[Date "1991.??.??"]
[Round "?"]
[White "Schuh, Hubert"]
[Black "Werner, Clemens"]
[Result "1-0"]
[WhiteElo "2375"]
[BlackElo "2270"]

1.Nf3 c5 2.c4 Nf6 3.g3 b6 4.Bg2 Bb7 5.O-O e6 6.Nc3 Be7 7.d4 cxd4 8.Qxd4 d6
9.b3 O-O 10.Ba3 d5 11.Bxe7 Qxe7 12.cxd5 Nxd5 13.Nxd5 Bxd5 14.Rac1 Nc6 15.Qf4 Qb4
16.Rfd1 Qxf4 17.gxf4 Rac8 18.f5 Bxf3 19.Bxf3 Nd4 20.Rxc8 Nxf3+ 21.exf3 Rxc8
22.Rd7 exf5 23.Rxa7 g6 24.Rb7 Rc6 25.a4 Kg7 26.Kf1 Kf6 27.Ke2 Ke6 28.Kd3 g5
29.b4 h5 30.a5 bxa5 31.bxa5 Rc1 32.a6 Ra1 33.a7 f6 34.f4 Ra4 35.Kc3 h4 36.Kb3 Ra1
37.Kc4 gxf4 38.Kc5 f3 39.Kb6 Kd6 40.Rh7 Ra2 41.Kb7  1-0

[Event "BL2-SW9091"]
[Site "Germany"]
[Date "1991.??.??"]
[Round "?"]
[White "Wirthensohn, Heinz"]
[Black "Maier, Christian"]
[Result "0-1"]
[WhiteElo "2460"]
[BlackElo "2335"]

1.Nf3 Nf6 2.c4 e6 3.g3 b6 4.Bg2 Bb7 5.O-O c5 6.Nc3 d6 7.b3 a6 8.Bb2 Nbd7
9.e3 Be7 10.d4 O-O 11.d5 exd5 12.Nh4 Re8 13.Nf5 Bf8 14.Nxd5 Bxd5 15.Bxd5 Nxd5
16.Qxd5 Nf6 17.Qf3 Re6 18.Rad1 b5 19.Qe2 bxc4 20.Qxc4 Qd7 21.Bxf6 Rxf6 22.e4 Qb5
23.Ne3 Re6 24.f3 g6 25.Nd5 Qb7 26.Rd3 Rd8 27.Rfd1 Bg7 28.Kg2 Be5 29.a4 Rde8
30.Rb1 f5 31.exf5 gxf5 32.Re1 Qf7 33.Rde3 Kh8 34.Qxa6 Rh6 35.Qc4 Qh5 36.h4 Rg8
37.Rxe5 dxe5 38.Rxe5 Rhg6 39.Nf4 Rxg3+ 40.Kf2  0-1

[Event "BL2-W9091"]
[Site "Germany"]
[Date "1991.??.??"]
[Round "?"]
[White "Moehring, Guenther"]
[Black "Thiel, Kuno"]
[Result "1-0"]
[WhiteElo "2365"]
[BlackElo "2330"]

1.Nf3 Nf6 2.c4 e6 3.g3 b6 4.Bg2 Bb7 5.O-O c5 6.d4 cxd4 7.Qxd4 d6 8.Nc3 a6
9.Rd1 Nbd7 10.Ng5 Bxg2 11.Kxg2 Qc7 12.Nge4 Rc8 13.b3 b5 14.Nxd6+ Bxd6 15.Qxd6 bxc4
16.bxc4 Nb6 17.Qxc7 Rxc7 18.Rb1 Nfd7 19.Rd6 Nxc4 20.Rxa6 O-O 21.Bf4 e5 22.Nd5 Rc5
23.Ne7+ Kh8 24.Ra7 Nf6 25.Bc1 Ne4 26.Nf5 Nc3 27.Rxf7 Rcc8 28.Rbb7 Nxa2 29.Rxg7 Rxf5
30.Rxh7+ Kg8 31.Rbg7+ Kf8 32.Bh6  1-0

[Event "Hastings Challengers9192"]
[Site "Hastings"]
[Date "1991.??.??"]
[Round "?"]
[White "Mestel, A Jonathan"]
[Black "Kumaran, Dharshan"]
[Result "0-1"]
[WhiteElo "2520"]
[BlackElo "2330"]

1.c4 c5 2.Nf3 Nf6 3.g3 b6 4.Bg2 Bb7 5.O-O e6 6.b3 Be7 7.Bb2 O-O 8.e3 d5 9.Qe2 Nc6
10.Rd1 Qc7 11.Nc3 dxc4 12.Nb5 Qc8 13.bxc4 Rd8 14.d3 a6 15.Nc3 Qc7 16.Rab1 Nd7
17.Ba1 Nce5 18.Nxe5 Nxe5 19.Ne4 Nd7 20.d4 cxd4 21.exd4 Rac8 22.c5 Bd5 23.Nc3 Bxg2
24.Kxg2 bxc5 25.Qxa6 Nb8 26.Qc4 cxd4 27.Qxc7 Rxc7 28.Nb5 Rc2 29.Rxd4 Rxa2
30.Rxd8+ Bxd8 31.Rc1 Nd7 32.Rd1 Bb6 33.Rxd7 Rxa1 34.Rd6 Bc5 35.Rd8+ Bf8 36.Kf3 g6
37.Nc7 Ra3+ 38.Kg2 Ra7 39.Ne8 f5 40.Nf6+  0-1

[Event "Kecskemet Szechenyi-B"]
[Site "Kecskemet"]
[Date "1991.??.??"]
[Round "7"]
[White "Loeffler, Stefan"]
[Black "Olesen, Martin"]
[Result "0-1"]
[WhiteElo "2310"]
[BlackElo "2325"]

1.Nf3 c5 2.g3 b6 3.Bg2 Bb7 4.O-O Nf6 5.c4 e6 6.Nc3 a6 7.e4 Nxe4 8.Nxe4 Bxe4
9.d4 Be7 10.Re1 Bb7 11.d5 O-O 12.Qd3 exd5 13.cxd5 d6 14.h4 Nd7 15.Bg5 Nf6
16.Re3 Qd7 17.Bh3 Qxh3 18.Rxe7 c4 19.Qd1 Bxd5 20.Bxf6 Qf5 21.Re3 Rae8 22.Be7 Rxe7
23.Rxe7 Bxf3 24.Qf1 d5 25.Kh2 b5 26.a4 d4 27.axb5 axb5 28.Ra5 d3 29.Raa7 Bc6
30.f4 d2 31.Qd1 Qd5 32.Re2 Rd8 33.Rc7 h6 34.Rxc6 Qxc6 35.Rxd2 Rxd2+ 36.Qxd2 Qc5
37.Qe2 Qd5 38.h5 b4 39.Qe1 Qxh5+ 40.Kg1 Qc5+ 41.Kh2 c3 42.bxc3 bxc3 43.Qe8+ Kh7
44.Qxf7  0-1

[Event "Kecskemet"]
[Site "Kecskemet"]
[Date "1991.??.??"]
[Round "10"]
[White "Stajcic, Nikola"]
[Black "Moiseev, Viktor"]
[Result "1-0"]
[WhiteElo "2345"]
[BlackElo "2460"]

1.c4 c5 2.Nf3 Nf6 3.g3 b6 4.Bg2 Bb7 5.O-O e6 6.Nc3 Be7 7.Re1 d6 8.e4 a6 9.d4 cxd4
10.Nxd4 Qc7 11.Be3 O-O 12.Rc1 Nbd7 13.f4 Rfc8 14.g4 Nf8 15.g5 N6d7 16.h4 Qd8
17.b3 Ng6 18.f5 Nxh4 19.fxe6 Ne5 20.exf7+ Nxf7 21.Ne6 Qd7 22.Bh3 Ne5 23.Rf1 Rf8
24.Bf4 Neg6 25.Bg3 Rxf1+ 26.Qxf1 b5 27.Nd5 Bxd5 28.cxd5 Qa7+ 29.Bf2 Nf3+
30.Kh1 Qb8 31.Be3 Nfe5 32.Nc7 Ra7 33.Be6+ Kh8 34.Bxa7 Qxa7 35.Nxb5 Qb6 36.Rc8+ Bd8
37.Qg1  1-0

[Event "URS-ch U26"]
[Site "Kherson"]
[Date "1991.??.??"]
[Round "?"]
[White "Komarov, Dimitri"]
[Black "Brodsky, Michail"]
[Result "1/2-1/2"]
[WhiteElo "2475"]
[BlackElo "2310"]

1.c4 Nf6 2.Nf3 b6 3.g3 c5 4.Bg2 Bb7 5.O-O e6 6.b3 Be7 7.Bb2 d6 8.Nc3 Nbd7
9.e3 O-O 10.d4 Ne4 11.Ne2  1/2-1/2

[Event "Lenk op"]
[Site "Lenk"]
[Date "1991.??.??"]
[Round "2"]
[White "Grillitsch, Karl"]
[Black "Csom, Istvan"]
[Result "0-1"]
[WhiteElo "2300"]
[BlackElo "2480"]

1.Nf3 c5 2.c4 b6 3.g3 Bb7 4.Bg2 Nf6 5.O-O e6 6.Nc3 Be7 7.d4 cxd4 8.Qxd4 d6
9.Bg5 a6 10.Bxf6 Bxf6 11.Qf4 Ra7 12.Rad1 Be7 13.Ne4 Bxe4 14.Qxe4 O-O 15.Nd4 Rc7
16.b3 Re8 17.e3 Bf8 18.Qb1 Qc8 19.Rd2 Nd7 20.Rfd1 Nf6 21.a4 Rc5 22.Rc2 e5
23.Ne2 b5 24.Rdc1 bxc4 25.Rxc4 Qe6 26.Qd3 Rb8 27.e4 Nd7 28.b4 Rxc4 29.Rxc4 Nb6
30.Rc6 Qe8 31.Qc2 Nxa4 32.Qxa4 Rb6  0-1